Central Library OPAC University of Rajshahi

Plant growth and development / (Record no. 53251)

MARC details
000 -LEADER
fixed length control field 00902nam a2200277 a 4500
001 - CONTROL NUMBER
control field 53251
003 - CONTROL NUMBER IDENTIFIER
rucl marc code BD-RJUL
005 - DATE AND TIME OF LATEST TRANSACTION
control field 20211209075931.0
008 - FIXED-LENGTH DATA ELEMENTS--GENERAL INFORMATION
fixed length control field 161004s1964 nyua b 000 0 eng
035 ## - SYSTEM CONTROL NUMBER
System control number BD-RJUL 53371
040 ## - CATALOGING SOURCE
Original cataloging agency DLC
Transcribing agency DLC
Modifying agency UKM
-- EQO
Language of cataloging eng
041 ## - LANGUAGE CODE
Language code of text/sound track or separate title eng
082 ## - DEWEY DECIMAL CLASSIFICATION NUMBER
Edition number 23
Classification number 571.82
Author mark and year LEP 1964
100 1# - MAIN ENTRY--PERSONAL NAME
Personal name Leopold, A. Carl
Fuller form of name (Aldo Carl),
Dates associated with a name 1919-2009.
9 (RLIN) 159173
245 10 - TITLE STATEMENT
Title Plant growth and development /
Statement of responsibility, etc. [by] A. Carl Leopold.
260 ## - PUBLICATION, DISTRIBUTION, ETC. (IMPRINT)
Place of publication, distribution, etc. New York :
Name of publisher, distributor, etc. McGraw-Hill,
Date of publication, distribution, etc. [1964]
300 ## - PHYSICAL DESCRIPTION
Pagination xi, 466 p. :
Illustrations ill. ;
Size 24 cm.
490 1# - SERIES STATEMENT
Series statement McGraw-Hill publications in the biological sciences
504 ## - BIBLIOGRAPHY, ETC. NOTE
Bibliography, etc Includes bibliographies.
650 #0 - SUBJECT ADDED ENTRY--TOPICAL TERM
Topical term or geographic name as entry element Growth (Plants)
9 (RLIN) 159174
Topical term or geographic name as entry element Plants
General subdivision Development.
9 (RLIN) 159175
Topical term or geographic name as entry element Plant physiology.
9 (RLIN) 159176
830 #0 - SERIES ADDED ENTRY--UNIFORM TITLE
Uniform title McGraw-Hill publications in the biological sciences
942 ## - ADDED ENTRY ELEMENTS (KOHA)
Source of classification or shelving scheme Dewey Decimal Classification
Koha item type Books
Holdings
Lost status Source of classification or shelving scheme Damaged status Not for loan Collection code Permanent Location Current Location Shelving location Date acquired Source of acquisition Cost, normal purchase price Total Checkouts Full call number Date last seen Copy number Koha item type
  Dewey Decimal Classification     Non-fiction Central Library, University of Rajshahi Central Library, University of Rajshahi   10/03/1970 Zeetlinger 121.00   571.82 LEP 1964 04/10/2016 C-2 Books
  Dewey Decimal Classification     Non-fiction Central Library, University of Rajshahi Central Library, University of Rajshahi   10/03/1970 Zeetlinge 0.00   571.82 LEP 1964 28/05/2017 C-3 Books
  Dewey Decimal Classification     Non-fiction Central Library, University of Rajshahi Central Library, University of Rajshahi   10/03/1970 Zeetlinge 46.00   571.82 LEP 1964 28/05/2017 C-4 Books
  Dewey Decimal Classification     Non-fiction Central Library, University of Rajshahi Central Library, University of Rajshahi   10/03/1970 Zeetlinge 46.00   571.82 LEP 1964 28/05/2017 C-5 Books